000
00269nam a2200145Ia 4500
100
_a
Robin Sharma
650
_a
Fiction
942
_c
BK
366
_f
20
245
_a
Greatness Guide
260
_b
Jaico
_c
2006
300
_a
221
546
_a
ENGLISH
999
_c
35043
_d
35043